Les films numéro un en France par année - Statistiques

Statistiques générales
  • Ce quiz a été pris 231 fois
    94 depuis la dernière actualisation
  • Le résultat moyen est 38 sur 80
Statistiques - réponses
Année Réalisateur Réponse % Correct
1982 Steven Spielberg E.T., l'{extra-terrestre}
88%
2009 James Cameron Avatar
87%
2022 James Cameron {Avatar} la voie de l'eau
87%
2008 Dany Boon Bienvenue {chez les Ch'tis}
87%
1966 Gérard Oury La Grande {Vadrouille}
87%
1996 Gary Trousdale / Kirk Wise Le bossu {de Notre-Dame}
84%
1976 Steven Spielberg Les dents {de la mer}
84%
1997 Luc Besson Le cinquième {élément}
81%
2014 Philippe de Chauveron Qu'est-ce {qu'on a fait au Bon Dieu}?
81%
1944 David Hand Blanche-Neige {et les sept nains}
80%
1955 Richard Fleischer Vingt mille lieues {sous les mers}
80%
1958 Cecil B. DeMille Les dix {commandements}
77%
1998 James Cameron Titanic
77%
1988 Luc Besson Le grand {Bleu}
76%
1964 Jean Girault Le Gendarme {de Saint-Tropez}
74%
2001 Chris Columbus Harry Potter {à l'école des sorciers}
73%
1972 Stanley Kubrick Orange {mécanique}
72%
1991 Kevin Costner Danse {avec les loups}
70%
1945 Charlie Chaplin Le {Dictateur}
70%
1969 Sergio Leone Il était une {fois dans l'Ouest}
66%
1987 Peter Faiman Crocodile {Dundee}
65%
1995 Bernard Campan / Didier Bourdon Les {Trois Frères}
64%
2005 Mike Newell Harry Potter {et la coupe de feu}
63%
1990 Peter Weir Le cercle {des poètes disparus}
63%
1949 Victor Fleming Jeanne {d'Arc}
62%
2013 Chris Buck / Jennifer Lee La reine {des neiges}
59%
1968 Jean Girault Le Gendarme {se marie}
59%
1973 Gérard Oury Les aventures de {Rabbi Jacob}
58%
1989 Barry Levinson Rain {Man}
58%
1960 William Wyler Ben {Hur}
57%
2011 Eric Toledano / Olivier Nakache Intouchables
56%
1978 Alan Parker Midnight {Express}
56%
2010 David Yates Harry Potter {et les reliques de la mort}
55%
2020 Christopher Nolan Tenet
55%
1994 Rob Minkoff / Roger Allers Le roi {lion}
53%
1959 Henri Verneuil La Vache et {le Prisonnier}
52%
2021 Jon Watts Spider-Man : {No way home}
51%
1985 Coline Serreau Trois hommes {et un couffin}
51%
2002 Alain Chabat Astérix et Obélix : Mission Cléopâtre
49%
1979 Jean Girault Le Gendarme {et les Extra-terrestres}
49%
1948 Christian-Jaque La chartreuse {de Parme}
48%
1975 John Guillermin La tour {infernale}
47%
1984 Michel Blanc Marche {à l'ombre}
45%
1965 Gérard Oury Le {Corniaud}
44%
1962 Darryl F. Zanuck Le Jour {le plus long}
43%
1993 Jean-Marie Poiré Les {Visiteurs}
43%
2015 J.J. Abrams Stars Wars, épisode VII : {Le réveil de la force}
43%
1971 Claude Zidi Les Bidasses {en folie}
42%
2003 Andrew Stanton / Lee Unkrich Le monde {de Nemo}
41%
1967 Jean Girault Les Grandes {Vacances}
41%
1992 Paul Verhoeven Basin {Instinct}
37%
2004 Christophe Barratier Les {Choristes}
36%
1943 Marcel Pagnol La fille {du puisatier}
35%
1957 David Lean Le pont {de la rivière Kwaï}
35%
2018 Brad Bird Les {Indestructibles} 2
35%
1963 John Sturges La Grande {Evasion}
34%
1952 Julien Duvivier Le petit monde {de Don Camillo}
33%
2017 Rian Johnson Star Wars, épisode VIII : {Les derniers Jedi}
33%
1986 Claude Berri Jean {de Florette}
31%
1980 Claude Pinoteau La {Boum}
29%
1981 Francis Veber La {Chèvre}
29%
2006 Patrice Leconte Les {Bronzés 3}
27%
1951 Cecil B. DeMille Samson {et Dalila}
27%
1961 J. Lee Thompson Les canons {de Navarone}
26%
1983 Jamie Uys Les dieux sont {tombés sur la tête}
26%
1954 Sacha Guitry Si Versailles {m'était conté}...
24%
1956 Carmine Gallone Michel {Strogoff}
23%
2016 John Musker / Ron Clements Vaiana : {La légende du bout du monde}
22%
1953 Cecil B. DeMille Sous le plus {grand chapiteau du monde}
21%
1970 Jean Girault Le Gendarme {en balade}
20%
2000 Gérard Krawczyk Taxi 2
20%
1999 Claude Zidi Astérix et Obélix contre César
17%
2012 Sam Mendes Skyfall
16%
2019 Jon Favreau Le {Roi Lion}
13%
2007 Brad Bird Ratatouille
10%
1974 Just Jaeckin Emmanuelle
8%
1950 Clyde Geronimi Cendrillon
5%
1977 Wolfgang Reitherman Les Aventures de {Bernard et Bianca}
3%
1946 Hamilton Luske / Benjamin Sharpsteen Pinocchio
3%
1947 Alexander Esway Le bataillon {du ciel}
1%
Aucun quiz correspondant
Distribution des résultats
% des personnes avec chaque résultat
Percentile par nombre de réponses
Votre historique - résultats
Vous n’avez pas pris ce quiz depuis la dernière actualisation